| 000 | 00623nam a2200181 a 4500 | ||
|---|---|---|---|
| 005 | 20140412111309.0 | ||
| 008 | 000824s19uu xx 00 eng d | ||
| 020 | _a0-670-82759-2 | ||
| 050 |
_aTR(PS E _bTr76 1989 |
||
| 100 | _aScieszka, Jon | ||
| 245 |
_aTrue story of the 3 little pigs! (The) / _cJon Scieszka ; pictures by Lane Smith. |
||
| 260 |
_aNew York : _bPuffin Books, _c1989. |
||
| 300 | _a1 v. (unp.) ; ill. | ||
| 520 | _aThe wolf gives his own outlandish version of what really happened when he tangled with the three little pigs. | ||
| 650 | _aWolves-Fiction | ||
| 650 | _aPigs-Fiction | ||
| 999 |
_c103868 _d103868 |
||